000 00718nam a2200253 i 4500
001 000026626
003 DO-SdBNP
005 20231120094424.0
007 ta
008 110324s1976 dr a 000 0 spa d
040 _aDO-SdBNP
_bspa
_cBNPHU
_erda
082 _222
_a150
_bB644p
100 1 _aBlasco, J. L.
_953731
_qBlasco, Job Luis,
245 0 _aPsicología. /
_cJ. L. Blasco.
264 1 _aSanto Domingo
_bPolitécnia,
_c[1976].
300 _a328 Páginas
_bilustraciones
_c23 cm.
336 _2rdacontent
_atexto
_btxt
337 _2rdamedia
_asin mediación
_bn
338 _2rdacarrier
_avolumen
_bnc
590 _aInventariado, 2023/ YL
650 4 _aPsicología
910 _aYLockward
942 _2ddc
_cLBS1
999 _c26118
_d26118